1202 1919 1924 1346 1164 1264 1810 1124 1655 1799 1869 1828 1056 1718 1207 1179 1929 1167 1061 1776 1900 1301 1311 1536 1807 1293 1954 1922 1960 1157 1721 1576 1435 1502 1257 1722 1318 1867 1448 1596 1738 1929 1010 1702 1489 1136 1196 1858 1454 1128 1638 1868 1873 1585 1137 1575 1069 1566 1354 1049 1128 1051 1897 1957 1270 1061 1935 1863 1665 1128 1628 1677 1208 1777 1511 1405 1011 1965 1367 1258 1005 1545 1250 1748 1856 1717 1580 1180 1637 1350 1784 1788 1212 1702 1674 1216 1280 1620 1168 BCNSPRNW ULIB Ver.6.0+V

เปลี่ยนเป็นภาษาไทย

Change to English
 แสดงรายละเอียดบรรณานุกรม
  กลับหน้าหลัก

Brief Record : Get Marc (ISO 2709) : E-mail record : QR code < ปิดหน้าต่าง
LEADER : 00000nam 2200000uu 4500
001    13399113561
003     ULIB
008    111128s2553||||th 000 0 tha d
020    9786160601233
090    ^aนว.^bป445ฟ 2553
100 0  ^aปราณธร
245 00 ^aไฟรักราน /^cปราณธร
250    ^aพิมพ์ครั้งที่ 2
260    ^aกรุงเทพฯ :^bแจ่มใส,^c2553
300    ^a300 หน้า
710 1  ^aแจ่มใส
945    ^p189^l0^i17076
995    ^aกัณชพร
999    ^aใช้งานได้ทุกระบบ
รายการนี้ยังไม่มีแท็ก
คุณยังไม่ได้ล็อกอิน คุณสามารถมีกิจกรรมร่วมกับเว็บไซต์ได้ แต่ต้องล็อกอินก่อน ::
  ล็อกอิน

รายการสื่อสารสนเทศ

ลำดับที่ ประเภท เลขเรียก/บาร์โค้ด สถานที่ สถานะ
1. วิทยาศาสตร์การแพทย์ และสุขภาพ
วิทยาศาสตร์การแพทย์ และสุขภาพ
นว. ป445ฟ 2553  
  Barcode: 17076
ห้องสมุดวิทยาเขตสวรรค์ประชารักษ์
►นวนิยาย
บนชั้น
  ขอยืม

รายการใกล้เคียง
    ผู้แต่ง [ปราณธร]

BibComment


ยังไม่เคยถูกคอมเมนท์

คอมเมนท์ทรัพยากรรายการนี้
  คอมเมนท์: ไฟรักราน ปราณธร


 Copyright 2026. Bcnsprnw @Library